Love lies / (Record no. 234146)

000 -LEADER
fixed length control field 01540cam a2200361 a 4500
001 - CONTROL NUMBER
control field 17481251
003 - CONTROL NUMBER IDENTIFIER
control field Nust
005 - DATE AND TIME OF LATEST TRANSACTION
control field 20170314132848.0
008 - FIXED-LENGTH DATA ELEMENTS--GENERAL INFORMATION
fixed length control field 121002s2011 nyuaf 000 0 eng d
010 ## - LIBRARY OF CONGRESS CONTROL NUMBER
LC control number 2012406526
020 ## - INTERNATIONAL STANDARD BOOK NUMBER
International Standard Book Number 9780141041025
035 ## - SYSTEM CONTROL NUMBER
System control number (OCoLC)ocn679930065
040 ## - CATALOGING SOURCE
Original cataloging agency BTCTA
Language of cataloging eng
Transcribing agency BTCTA
Modifying agency BKL
-- YDXCP
-- CLE
-- EINCP
-- B@L
-- BKX
-- GK8
-- BDX
-- DLC
042 ## - AUTHENTICATION CODE
Authentication code lccopycat
043 ## - GEOGRAPHIC AREA CODE
Geographic area code n-us-nc
050 00 - LIBRARY OF CONGRESS CALL NUMBER
Classification number HV6534.C285
Item number L36 2011
082 04 - DEWEY DECIMAL CLASSIFICATION NUMBER
Classification number 823.92
Author Mark PAR
100 1# - MAIN ENTRY--PERSONAL NAME
Personal name Parks, Adele
245 10 - TITLE STATEMENT
Title Love lies /
Statement of responsibility, etc. Adele, Parks
250 ## - EDITION STATEMENT
Edition statement Berkley mass market ed.
260 ## - PUBLICATION, DISTRIBUTION, ETC.
Place of publication, distribution, etc. New York :
Name of publisher, distributor, etc. Berkley Books,
Date of publication, distribution, etc. 2009.
300 ## - PHYSICAL DESCRIPTION
Extent 503 p.
Dimensions 20 cm.
500 ## - GENERAL NOTE
General note "A true story of marriage and murder in the suburbs"--Cover.
520 ## - SUMMARY, ETC.
Summary, etc. Who killed suburban wife and mother Nancy Cooper? Suspicion fell on Nancy's handsome husband, Brad. But why would a devoted husband and father of two young girls want to kill his wife? Nancy's parents and friends knew why.
600 10 - SUBJECT ADDED ENTRY--PERSONAL NAME
Personal name Cooper, Nancy,
Dates associated with a name 1973-2008.
650 #0 - SUBJECT ADDED ENTRY--TOPICAL TERM
Topical term or geographic name entry element Homicide investigation
Geographic subdivision North Carolina
-- Cary
Form subdivision Case studies.
650 #0 - SUBJECT ADDED ENTRY--TOPICAL TERM
Topical term or geographic name entry element Trials (Murder)
Geographic subdivision North Carolina
-- Cary.
830 #0 - SERIES ADDED ENTRY--UNIFORM TITLE
Uniform title Berkley true crime.
906 ## - LOCAL DATA ELEMENT F, LDF (RLIN)
a 7
b cbc
c copycat
d 2
e ncip
f 20
g y-gencatlg
942 ## - ADDED ENTRY ELEMENTS (KOHA)
Source of classification or shelving scheme
Koha item type Book
Holdings
Withdrawn status Lost status Source of classification or shelving scheme Damaged status Not for loan Permanent Location Current Location Shelving location Date acquired Total Checkouts Full call number Barcode Date last seen Copy number Price effective from Koha item type
          Central Library (CL) Central Library (CL) Fiction 03/14/2017   823.92 PAR CL1690 03/14/2017 1 03/14/2017 Book
© 2023 Central Library, National University of Sciences and Technology. All Rights Reserved.